000 00659nam a22002297a 4500
005 20250210161854.0
008 250210b |||||||| |||| 00| 0 eng d
020 _a978-93-5440-370-5
037 _cLCT
040 _aLCT
_cLCT
041 _aeng
084 _aWx1 E5
100 _aKautilya
245 _aArthashastra/
260 _aNew Delhi
_bPrakash Books India
_c1915 (2024 reprint)
300 _a494p.
500 _athis book originally published in 1915
650 _2Ancient Indian Political Philosophy
650 _aAncient indian Law
_9704619
650 _aSpiritual Wisdom
_9734985
942 _2CC
_cTB
_hWx1 E5
_n0
999 _c1238383
_d1238383